Geometric mechanics : toward a unification of classical physics /
Guardado en:
| Autor Principal: | |
|---|---|
| Formato: | Libro |
| Idioma: | English |
| Publicado: |
Weinheim : Chichester :
Wiley-VCH ; John Wiley [distribuidor],
c2007.
|
| Edición: | 2nd rev. and enlarged ed. |
| Materias: | |
| Etiquetas: |
Agregar Etiqueta
Sin Etiquetas, Sea el primero en etiquetar este registro!
|
| LEADER | 00999cam a22002775a 4500 | ||
|---|---|---|---|
| 001 | MAT.inmabb006479 | ||
| 008 | 080618s2007####gw#a#####b####001#0#eng#c | ||
| 005 | 20110603155216.0 | ||
| 245 | 1 | 0 | |a Geometric mechanics : |b toward a unification of classical physics / |c Richard Talman. |
| 250 | |a 2nd rev. and enlarged ed. | ||
| 260 | |a Weinheim : |b Wiley-VCH ; |a Chichester : |b John Wiley [distribuidor], |c c2007. | ||
| 300 | |a xv, 587 p. : |b il. ; |c 25 cm. | ||
| 500 | |a Ed. previa: New York: Wiley, 2000. | ||
| 504 | |a Incluye referencias bibliográficas e índice. | ||
| 510 | 4 | |a MR, |c 2010d:70001 | |
| 020 | |a 9783527406838 (hbk.) | ||
| 020 | |a 3527406832 (hbk.) | ||
| 100 | 1 | |a Talman, Richard, |d 1934- | |
| 650 | 0 | |a Mechanics. | |
| 650 | 0 | |a Geometry. | |
| 650 | 0 | |a Mechanics, Analytic. | |
| 084 | |a 70-01 (53C80 70Fxx 70Hxx 70S05 78-01 81T30 83-01) |2 msc2000 | ||
| 010 | |a 2007278934 | ||
| 016 | 7 | |a 013661581 |2 Uk | |
| 040 | |a COO |c COO |d UKM |d BAKER |d YDXCP |d TXA |d DLC | ||
| 859 | |h 70 |i T151 |p A-8681 |b BIB. MATEMATICA | ||
